| 000 | 00781nam a22002297a 4500 | ||
|---|---|---|---|
| 999 |
_c368 _d368 |
||
| 003 | AR-CdUCM | ||
| 008 | 190223b ||||| |||| 00| 0 spa d | ||
| 020 | _a8470760521 | ||
| 040 |
_aMUNICIPALIDAD PROVINCIAL DEL CUSCO _cBIBLIOTECA MUNICIPAL DEL CUSCO |
||
| 082 |
_a858.8 / _bSA164 |
||
| 100 |
_aSalgari, Emilio _9800 |
||
| 245 | _aEn la Selva Virgen / | ||
| 260 |
_aMadrid : _bGahe, _c1975. |
||
| 300 |
_a167 paginas ; _b8 Ilustraciones. _c20 cm. |
||
| 505 | _aEn la costa de Brasil -- Los antropófagos -- En las selvas brasileñas -- La cacería en la laguna -- La almadía viviente... | ||
| 650 |
_aAnimales salvajes _91487 |
||
| 650 |
_aArbóles _91488 |
||
| 650 |
_aCazadores _91057 |
||
| 650 |
_aFlores hermozas _91489 |
||
| 942 |
_2ddc _cLIBROS |
||
| 945 |
_awnts _d2019-02-23 |
||